[Event "IX EICC"]
[Site "Plovdiv BUL"]
[Date "2008.05.02"]
[Round "11"]
[White "Khmelniker,I"]
[Black "Georgescu,T"]
[Result "1/2-1/2"]
[WhiteElo "2459"]
[BlackElo "2384"]
[EventDate "2008.04.21"]

1. d4 Nf6 2. c4 c5 3. d5 b5 4. cxb5 a6 5. b6 d6 6. Nc3 Nbd7 7. Nf3 g6 8. e4
Bg7 9. a4 a5 10. Bb5 O-O 11. O-O Nxb6 12. Qe2 Bg4 13. h3 Bxf3 14. Qxf3 Ne8
15. Qe2 Nc7 16. Bc6 Rb8 17. Nb5 Nxb5 18. Bxb5 Nd7 19. Qc2 f5 20. f4 Kh8 21.
Ra3 fxe4 22. Qxe4 Rf5 23. g4 Rf8 24. Re1 Bd4+ 25. Kg2 Nf6 26. Qe6 Qc8 27.
Qxc8 Rfxc8 28. Rxe7 Nxd5 29. Re2 Nc7 30. Bd3 d5 31. b3 Re8 32. Bd2 Bb2 33.
Ra2 Bf6 34. g5 Bd4 35. Rxe8+ Nxe8 36. Bc2 Ra8 37. f5 gxf5 38. Bxf5 Nd6 39.
Be6 Re8 40. Bxd5 Re2+ 41. Kf3 Rf2+ 42. Kg4 Nf5 43. Rc2 Ne3+ 44. Bxe3 Rxc2
45. Bf4 Re2 46. Kf5 Kg7 47. h4 Rf2 48. Kg4 Rxf4+ 49. Kxf4 h6 1/2-1/2

[Event "IX EICC"]
[Site "Plovdiv BUL"]
[Date "2008.05.02"]
[Round "11"]
[White "Petkov,V"]
[Black "Reutsky,S"]
[Result "0-1"]
[WhiteElo "2415"]
[BlackElo "2302"]
[EventDate "2008.04.21"]

1. d4 f5 2. Nc3 Nf6 3. Bg5 g6 4. Bxf6 exf6 5. h4 d5 6. e3 Be6 7. h5 g5 8.
Bd3 Nc6 9. Nce2 Qd7 10. c3 Bd6 11. Qc2 Ne7 12. O-O-O O-O-O 13. Nf3 Kb8 14.
Nd2 h6 15. Kb1 c6 16. f4 Bc7 17. Rdf1 Rdf8 18. Rf2 Nc8 19. fxg5 fxg5 20.
Rhf1 Nd6 21. Ng3 f4 22. exf4 Rxf4 23. Ne2 Rxf2 24. Rxf2 Qe7 25. Bg6 Rf8 26.
Rxf8+ Qxf8 27. Nf3 Ne4 28. Nc1 Qf4 29. Nd3 Qe3 30. a3 g4 31. Nfe5 g3 32.
Qc1 Nd2+ 33. Kc2 Nc4 34. Nxc4 Qxc1+ 35. Kxc1 dxc4 36. Ne5 Bd5 37. Kd2 Bxg2
38. Ke3 Bd5 39. Bf5 Bd6 40. Nd7+ Kc7 41. Ne5 c5 0-1

[Event "IX EICC"]
[Site "Plovdiv BUL"]
[Date "2008.05.02"]
[Round "11"]
[White "Bonev,T"]
[Black "Schroll,G"]
[Result "0-1"]
[WhiteElo "2285"]
[BlackElo "2410"]
[EventDate "2008.04.21"]

1. e4 Nf6 2. e5 Nd5 3. d4 d6 4. Nf3 Bg4 5. Be2 c6 6. O-O Bxf3 7. Bxf3 dxe5
8. dxe5 e6 9. c4 Ne7 10. Qxd8+ Kxd8 11. Be4 Nd7 12. f4 Nf5 13. g4 Bc5+ 14.
Kg2 Ne3+ 15. Bxe3 Bxe3 16. Nc3 Ke7 17. Rf3 Bd4 18. Ne2 Bb6 19. h4 h6 20. h5
Rhd8 21. Bc2 Nc5 22. Kf1 Rd2 23. Rc1 Rad8 24. b4 Nd3 25. Bxd3 R8xd3 26.
Rxd3 Rxd3 27. c5 Bc7 28. Rc3 Rd2 29. a3 f6 30. Ke1 Rb2 31. exf6+ gxf6 32.
Re3 a5 33. Re4 axb4 34. axb4 Rxb4 35. Re3 Bxf4 36. Nxf4 Rxf4 37. Rb3 e5 38.
Rxb7+ Ke6 39. Rh7 Rxg4 40. Rxh6 e4 41. Rh8 Kf5 42. h6 Rh4 43. Kf2 Kf4 44.
Rc8 Rxh6 45. Rxc6 e3+ 46. Kg2 Rg6+ 47. Kf1 Kf3 48. Re6 Rh6 49. Kg1 e2 50.
Re8 f5 51. Re5 f4 52. Re8 Rg6+ 53. Kh2 Kf2 0-1

[Event "IX EICC"]
[Site "Plovdiv BUL"]
[Date "2008.05.02"]
[Round "11"]
[White "Dimitrov,R"]
[Black "Berbatov,K"]
[Result "0-1"]
[WhiteElo "2409"]
[BlackElo "2220"]
[EventDate "2008.04.21"]

1. c4 b6 2. Nc3 Bb7 3. d4 e6 4. Nf3 f5 5. g3 Nf6 6. Bg2 Bb4 7. O-O O-O 8.
Qc2 Qe8 9. a3 Bxc3 10. Qxc3 d6 11. b4 Nbd7 12. Bb2 Qh5 13. c5 Ne4 14. Qc2
Ndf6 15. c6 Ba6 16. a4 Rae8 17. b5 Bc8 18. Ne1 Ng5 19. f3 Nd5 20. Bc1 f4
21. e4 fxe3 22. h4 Nf7 23. f4 Nh6 24. Bf3 Qf7 25. Qg2 Nf5 26. Nc2 Qg6 27.
Be4 Qxg3 28. Bxf5 Qxg2+ 29. Kxg2 exf5 30. Kf3 Re4 31. Bxe3 Be6 32. Rfd1 Bf7
33. Rd3 Bh5+ 34. Kf2 Nxf4 35. Bxf4 Rxf4+ 36. Kg3 Re4 37. Re1 Rxe1 38. Nxe1
f4+ 39. Kf2 h6 40. Ra3 g5 41. hxg5 hxg5 42. a5 g4 43. axb6 axb6 44. Ra7 g3+
45. Kg2 f3+ 46. Nxf3 Bxf3+ 47. Kxg3 Rf7 48. Ra3 Be2 49. Rb3 Rf5 50. Rb2
Bxb5 51. Kg4 Rd5 52. Ra2 Rxd4+ 53. Kg5 Ra4 54. Rc2 Rc4 55. Ra2 Bxc6 56. Ra7
Bd5 57. Kf6 Kf8 58. Ra1 Ke8 59. Rd1 Rc5 0-1

[Event "IX EICC"]
[Site "Plovdiv BUL"]
[Date "2008.05.02"]
[Round "11"]
[White "Goumas,G"]
[Black "Todorovic,J"]
[Result "1/2-1/2"]
[WhiteElo "2234"]
[BlackElo "2406"]
[EventDate "2008.04.21"]

1. e4 c5 2. b3 b6 3. Bb2 Bb7 4. Nc3 d6 5. Bb5+ Nd7 6. Nf3 a6 7. Bxd7+ Qxd7
8. O-O Nf6 9. d3 e6 10. Nd2 Be7 11. f4 Qc7 12. Qe2 Nd7 13. Rae1 Bf6 14. Nf3
O-O 15. e5 dxe5 16. Nxe5 g6 17. Ne4 Bxe4 18. Qxe4 Bg7 19. Nxd7 Qxd7 20.
Bxg7 Kxg7 21. Qe5+ Kg8 22. Re4 Rad8 23. Rfe1 Qc6 24. g4 Rd5 25. Qf6 Qd7 26.
Kg2 b5 27. R1e3 Qb7 28. Kg1 c4 29. d4 cxb3 30. axb3 Qc8 31. c3 a5 32. h4 h5
33. Rxe6 hxg4 34. R6e5 Qd8 35. Qxd8 Rfxd8 36. Rd3 a4 37. bxa4 bxa4 38. Rxd5
Rxd5 39. c4 Ra5 40. c5 Kf8 41. c6 Ke7 42. d5 Kd8 43. d6 Rc5 44. c7+ Kd7 45.
f5 gxf5 46. h5 a3 47. h6 Rc1+ 48. Kg2 a2 49. Ra3 a1=Q 50. Rxa1 Rxa1 51.
c8=Q+ Kxc8 52. h7 Ra2+ 53. Kg1 Ra1+ 54. Kg2 1/2-1/2

[Event "IX EICC"]
[Site "Plovdiv BUL"]
[Date "2008.05.02"]
[Round "11"]
[White "Georgiadis,I"]
[Black "Vlashki,N"]
[Result "0-1"]
[WhiteElo "2394"]
[BlackElo "2206"]
[EventDate "2008.04.21"]

1. e4 e5 2. Nf3 Nc6 3. Bb5 a6 4. Ba4 Nf6 5. O-O b5 6. Bb3 Bc5 7. a4 Rb8 8.
d3 d6 9. h3 h6 10. Be3 O-O 11. axb5 axb5 12. Nc3 Nd4 13. Bxd4 Bxd4 14. Nxd4
exd4 15. Nd5 Be6 16. Qd2 c6 17. Nxf6+ Qxf6 18. Bxe6 Qxe6 19. f4 Ra8 20. Qf2
c5 21. Qf3 Rfb8 22. Rfe1 Ra4 23. b3 Rxa1 24. Rxa1 c4 25. f5 Qe5 26. bxc4
bxc4 27. Rd1 c3 28. Re1 Rb2 29. Qf2 Kh7 30. g3 Qc5 31. Re2 Rb1+ 32. Kh2 Ra1
33. h4 Qb4 34. f6 Qb1 35. Qg2 g6 36. h5 Qf1 37. Rf2 Qxg2+ 38. Kxg2 gxh5 39.
Re2 Rc1 40. Kf3 Kg6 41. e5 dxe5 42. Ke4 Kxf6 43. Kd5 Kf5 44. Rf2+ Kg4 45.
Kxe5 Kxg3 46. Rxf7 Rxc2 47. Kxd4 h4 48. Rg7+ Kf2 49. Rg6 h3 50. Rxh6 Kg2
51. Rg6+ Kh1 52. Rh6 h2 53. Kc4 Kg1 54. Kb3 Rc1 0-1

[Event "IX EICC"]
[Site "Plovdiv BUL"]
[Date "2008.05.02"]
[Round "11"]
[White "Monev,A"]
[Black "Lilov,Valeri"]
[Result "1/2-1/2"]
[WhiteElo "2038"]
[BlackElo "2385"]
[EventDate "2008.04.21"]

1. e4 e5 2. Nf3 Nc6 3. Bb5 a6 4. Ba4 Nf6 5. O-O Be7 6. Re1 b5 7. Bb3 d6 8.
c3 O-O 9. d4 Bg4 10. Be3 Na5 11. dxe5 Bxf3 12. Qxf3 dxe5 13. Bc2 Nc4 14.
Bc1 a5 15. b3 Nb6 16. Be3 Nfd7 17. Nd2 b4 18. c4 Nc5 19. Nf1 Ne6 20. Rad1
Qc8 21. Ng3 Re8 22. Nf5 f6 23. h4 Bf8 24. h5 c5 25. Qg3 Qc7 26. Rd2 Kh8 27.
Red1 Red8 28. Qh4 Rxd2 29. Rxd2 Qf7 30. h6 g6 31. Nd6 Qe7 32. Bd1 a4 33.
Bg4 axb3 34. axb3 Nd4 35. Bxd4 exd4 36. Nb5 Qe5 37. g3 Be7 38. Bf3 Ra1+ 39.
Kg2 f5 40. Qf4 Qxf4 41. gxf4 fxe4 42. Bxe4 Bf8 43. Nc7 Bxh6 44. Ne6 Ra5 45.
Bc6 Ra7 46. Bb5 Nd7 47. Rd3 Nf6 48. Nxc5 Nh5 49. Rxd4 Nxf4+ 50. Kh2 Ra2 51.
Rd8+ Kg7 52. Ne4 Ne6 53. Rd7+ Kf8 54. c5 Ra5 55. Bc4 Nxc5 56. Rf7+ Ke8 57.
Nxc5 Rxc5 1/2-1/2

[Event "IX EICC"]
[Site "Plovdiv BUL"]
[Date "2008.05.02"]
[Round "11"]
[White "Lubczynski,R"]
[Black "Sidorenko,I"]
[Result "1/2-1/2"]
[WhiteElo "2418"]
[BlackElo "2334"]
[EventDate "2008.04.21"]

1. d4 Nf6 2. c4 g6 3. Nf3 Bg7 4. g3 O-O 5. Bg2 d5 6. cxd5 Nxd5 7. O-O Nb6
8. Nc3 Nc6 9. e3 Re8 10. Re1 a5 11. Nd2 e5 12. d5 Nb4 13. e4 Nd3 14. Re3
Nxc1 15. Rxc1 Bd7 16. Rd3 a4 17. Bf1 Bf8 18. Ncb1 Nc8 19. Qc2 c6 20. dxc6
bxc6 21. Nc4 Qc7 22. Nc3 Be6 23. Nxa4 Bxc4 24. Qxc4 Nd6 25. Qc2 Nxe4 26.
Bg2 Bh6 27. Re1 Rxa4 28. Bxe4 Rxa2 29. Bxc6 Re6 30. Rc3 Qb6 31. Rb1 Rd6 32.
Be4 Rd2 1/2-1/2

[Event "IX EICC"]
[Site "Plovdiv BUL"]
[Date "2008.05.02"]
[Round "11"]
[White "Dinev,De"]
[Black "Lomsadze,D"]
[Result "0-1"]
[WhiteElo "2298"]
[BlackElo "2394"]
[EventDate "2008.04.21"]

1. c4 Nf6 2. g3 c5 3. Bg2 g6 4. Nc3 Bg7 5. e3 O-O 6. Nge2 Nc6 7. O-O d6 8.
b3 Bf5 9. d3 Qd7 10. Bb2 e5 11. Qd2 Bh3 12. Rad1 Bxg2 13. Kxg2 Rae8 14. f3
Bh6 15. h3 Nd4 16. Ne4 Nxe4 17. dxe4 Nxe2 18. Qxe2 f5 19. Qd3 Re6 20. Rf2
Qf7 21. Rfd2 a6 22. a4 b6 23. Ba1 Qb7 24. Qc3 fxe4 25. Rxd6 exf3+ 26. Kf2
Rxd6 27. Rxd6 Qe4 28. Qd3 Bxe3+ 0-1

[Event "IX EICC"]
[Site "Plovdiv BUL"]
[Date "2008.05.02"]
[Round "11"]
[White "Pesotsky,V"]
[Black "Kourousis,E"]
[Result "1/2-1/2"]
[WhiteElo "2371"]
[BlackElo "2191"]
[EventDate "2008.04.21"]

1. e4 c5 2. Nf3 Nc6 3. d4 cxd4 4. Nxd4 Nf6 5. Nc3 Qb6 6. Nb3 e6 7. Be3 Qc7
8. a3 d6 9. Be2 a6 10. a4 Be7 11. O-O O-O 12. a5 Nd7 13. Na4 Nce5 14. Kh1
Nc4 15. Bd4 b5 16. axb6 Ndxb6 17. Nxb6 Nxb6 18. Bd3 e5 19. Bc3 Bd7 20. Ba5
Qb7 21. Qe2 Na4 22. Rfb1 Bb5 23. c4 Bc6 24. Nd2 Bg5 25. f3 g6 26. Nf1 f5
27. Bd2 fxe4 28. Bxe4 Bxe4 29. Qxe4 Qxe4 30. fxe4 Bxd2 31. Nxd2 1/2-1/2

[Event "IX EICC"]
[Site "Plovdiv BUL"]
[Date "2008.05.02"]
[Round "11"]
[White "Nitelea,B"]
[Black "Bakalarz,M"]
[Result "0-1"]
[WhiteElo "2090"]
[BlackElo "2361"]
[EventDate "2008.04.21"]

1. e4 e6 2. d4 d5 3. exd5 exd5 4. Nf3 Bg4 5. h3 Bh5 6. Qe2+ Qe7 7. Be3 Nc6
8. Nc3 O-O-O 9. O-O-O Qb4 10. g4 Bg6 11. Nd2 Nxd4 12. Bxd4 Qxd4 13. Nb3
Qf4+ 14. Kb1 c6 15. Rd4 Qc7 16. Bg2 Bd6 17. Qd2 Ne7 18. f4 f6 19. f5 Bf7
20. Ra4 b5 21. Ra6 Qb7 22. Ra5 Qb6 23. Ne2 h5 24. g5 Nxf5 25. gxf6 gxf6 26.
Rf1 Ne3 27. Rxf6 Rd7 28. Qd4 Qxd4 29. Nexd4 Rg8 30. Bf3 Rg1+ 31. Nc1 Nc4
32. Ndb3 Nxa5 33. Nxa5 Kc7 34. a4 bxa4 35. c4 Bg6+ 36. Ka2 Kb6 37. c5+ Kxa5
38. cxd6 Bc2 39. b4+ axb3+ 40. Nxb3+ Bxb3+ 41. Kxb3 Rg3 42. h4 Rxd6 43.
Rxd6 Rxf3+ 44. Kc2 Kb5 45. Rh6 Rf5 46. Rh7 a5 47. Rb7+ Kc5 48. Rh7 a4 49.
Rh8 Rf2+ 50. Kc3 a3 51. Ra8 a2 52. Kb3 Rh2 53. Ra4 Rxh4 0-1

[Event "IX EICC"]
[Site "Plovdiv BUL"]
[Date "2008.05.02"]
[Round "11"]
[White "Grecescu,G"]
[Black "Elkin,L"]
[Result "1-0"]
[WhiteElo "2423"]
[BlackElo "2213"]
[EventDate "2008.04.21"]

1. c4 e5 2. g3 Nc6 3. Bg2 f5 4. Nc3 Nf6 5. e3 g6 6. Nge2 Bg7 7. O-O O-O 8.
d3 d6 9. b3 g5 10. f4 h6 11. Qd2 Bd7 12. Bb2 Qe8 13. Rae1 Qg6 14. Nd5 Nxd5
15. cxd5 Ne7 16. Qb4 Rab8 17. fxe5 c5 18. Qc4 b5 19. Qc2 c4 20. d4 Rfc8 21.
Qd2 cxb3 22. axb3 b4 23. Ra1 Bb5 24. Rfc1 a6 25. Rxc8+ Rxc8 26. Rc1 Rxc1+
27. Nxc1 a5 28. Qc2 Qf7 29. exd6 Nxd5 30. Qc5 Nxe3 31. Qxb5 Nxg2 32. Kxg2
Qe6 33. Qc4 Qxc4 34. bxc4 Kf7 35. Nd3 1-0

[Event "IX EICC"]
[Site "Plovdiv BUL"]
[Date "2008.05.02"]
[Round "11"]
[White "Chudinovskikh,A"]
[Black "Medancic,R"]
[Result "1-0"]
[WhiteElo "2392"]
[BlackElo "2247"]
[EventDate "2008.04.21"]

1. e4 e5 2. Nf3 Nc6 3. Bc4 Be7 4. O-O Nf6 5. d3 O-O 6. Re1 d6 7. a4 h6 8.
c3 Nh7 9. Nbd2 a6 10. Nf1 Ng5 11. Ne3 Bf6 12. Nd5 Nh7 13. h3 Ne7 14. Nxf6+
Nxf6 15. Nh4 Be6 16. Qf3 Kh7 17. g4 Nfg8 18. Kh2 Qd7 19. g5 f5 20. Rg1 Bxc4
21. dxc4 f4 22. Bd2 Qe6 23. b3 g6 24. Qg4 Qxg4 25. hxg4 Rfc8 26. Nf3 Kg7
27. Kg2 hxg5 28. Nxg5 Kf6 29. Nf3 Kg7 30. g5 Nc6 31. b4 Nge7 32. Rh1 Rh8
33. a5 Rxh1 34. Rxh1 b6 35. axb6 cxb6 36. Bc1 b5 37. Rd1 Rd8 38. cxb5 axb5
39. Bb2 Kf7 40. c4 Ke6 41. cxb5 Na7 42. b6 Nb5 43. Bxe5 Rb8 44. Bxf4 Rxb6
45. Nd4+ Nxd4 46. Rxd4 d5 47. f3 Rb5 48. Kg3 Nc6 49. exd5+ Rxd5 50. Rxd5
Kxd5 51. b5 Nd4 52. b6 Kc6 53. Be3 Ne6 54. f4 Nd8 55. Kg4 Kd5 56. f5 Ke5
57. fxg6 1-0

[Event "IX EICC"]
[Site "Plovdiv BUL"]
[Date "2008.05.02"]
[Round "11"]
[White "Kokolias,K"]
[Black "Vedder,H"]
[Result "1/2-1/2"]
[WhiteElo "2211"]
[BlackElo "2371"]
[EventDate "2008.04.21"]

1. e4 e6 2. d4 d5 3. Nd2 c5 4. exd5 exd5 5. Ngf3 Nf6 6. Bb5+ Bd7 7. Qe2+
Be7 8. dxc5 O-O 9. Nb3 Re8 10. Be3 Bxc5 11. Bxd7 Nbxd7 12. Nxc5 Nxc5 13.
O-O-O Ng4 14. Qd2 Ne4 15. Qxd5 Nexf2 16. Qxd8 Raxd8 17. Rxd8 Rxd8 18. Bxf2
Nxf2 19. Re1 f5 20. b3 Ne4 21. Rd1 Rxd1+ 22. Kxd1 Kf7 23. Ke2 g5 24. Kd3 h5
25. Kd4 Kf6 26. c4 g4 27. Ne5 Nd2 28. c5 f4 29. b4 a6 30. a4 Kf5 31. c6
bxc6 32. Nxc6 f3 33. gxf3 Nxf3+ 34. Ke3 Ke6 35. Nd4+ Nxd4 36. Kxd4 h4 37.
Ke3 Kd5 38. b5 axb5 39. axb5 Kc5 40. Kf4 g3 41. hxg3 hxg3 42. Kxg3 Kxb5
1/2-1/2

[Event "IX EICC"]
[Site "Plovdiv BUL"]
[Date "2008.05.02"]
[Round "11"]
[White "Ramesa,D"]
[Black "Dorfanis,I"]
[Result "1-0"]
[WhiteElo "2321"]
[BlackElo "2207"]
[EventDate "2008.04.21"]

1. Nf3 c5 2. c4 Nc6 3. Nc3 e5 4. e3 Nf6 5. a3 d6 6. Be2 g6 7. d4 e4 8. Nd2
cxd4 9. exd4 Nxd4 10. Ndxe4 Nxe2 11. Qxe2 Nxe4 12. Nxe4 Be6 13. O-O Be7 14.
Bh6 Rg8 15. Bf4 Qb6 16. b4 Qa6 17. b5 Qb6 18. Rfd1 Rd8 19. a4 a5 20. Rac1
g5 21. Be3 Qc7 22. Bd4 Rg6 23. Qh5 h6 24. Qf3 f5 25. Ng3 g4 26. Qd3 Qd7 27.
Nh5 Bg5 28. Be3 Kf7 29. Nf4 Rf6 30. Qd4 Ke7 31. c5 d5 32. Re1 Kf7 33. c6
Qc8 34. cxb7 Qxb7 35. Rc6 Re8 36. Rec1 Re7 37. b6 Bd7 38. Qxd5+ Kf8 39.
Rxf6+ 1-0

[Event "IX EICC"]
[Site "Plovdiv BUL"]
[Date "2008.05.02"]
[Round "11"]
[White "Badev,K"]
[Black "Gengler,P"]
[Result "1-0"]
[WhiteElo "2311"]
[BlackElo "2200"]
[EventDate "2008.04.21"]

1. Nc3 c5 2. e4 Nc6 3. f4 e6 4. Nf3 g6 5. d4 cxd4 6. Nxd4 Bg7 7. Ndb5 Nge7
8. Nd6+ Kf8 9. Be3 Qa5 10. Qd2 b6 11. e5 Ba6 12. a3 Bxf1 13. Rxf1 Nd5 14.
Nxd5 Qxd2+ 15. Bxd2 exd5 16. O-O-O Ke7 17. Bc3 Ke6 18. g4 d4 19. Bxd4 Nxd4
20. Rxd4 Bf8 21. Rfd1 h5 22. f5+ Ke7 23. Nb7 Bh6+ 24. Kb1 Rhe8 25. Rxd7+
Kf8 26. Nd8 Bg5 27. Nxf7 Be7 28. Nh8 gxf5 29. gxf5 Rad8 30. Ng6+ Kf7 31.
Rxe7+ 1-0

[Event "IX EICC"]
[Site "Plovdiv BUL"]
[Date "2008.05.02"]
[Round "11"]
[White "Nikolaidis,K"]
[Black "Bozinovic,Bob"]
[Result "1-0"]
[WhiteElo "2299"]
[BlackElo "2134"]
[EventDate "2008.04.21"]

1. d4 Nf6 2. Nf3 c5 3. d5 b5 4. c4 d6 5. cxb5 a6 6. e3 g6 7. Nc3 Bg7 8. a4
O-O 9. Ra3 axb5 10. Bxb5 Ba6 11. O-O Bxb5 12. Nxb5 Nbd7 13. Re1 Qb6 14. e4
Qb7 15. Qc2 Rfc8 16. Nd2 Nb6 17. b3 Ne8 18. Nc4 Nxc4 19. bxc4 Nc7 20. Ree3
Ra6 21. Bd2 Bh6 22. Rh3 Bg7 23. Rhb3 Qa8 24. Nxc7 Rxc7 25. Qb1 Rc8 26. a5
e6 27. Rb7 exd5 28. exd5 Re8 29. Rab3 Rxa5 30. Bxa5 Qxa5 31. Rb8 Rxb8 32.
Rxb8+ Bf8 33. g3 Qc3 34. Qe4 h5 35. Qe7 Qg7 36. Qxd6 1-0

[Event "IX EICC"]
[Site "Plovdiv BUL"]
[Date "2008.05.02"]
[Round "11"]
[White "Kostopoulos,E"]
[Black "Stanoev,A"]
[Result "1/2-1/2"]
[WhiteElo "2152"]
[BlackElo "2193"]
[EventDate "2008.04.21"]

1. d4 Nf6 2. Nf3 g6 3. g3 Bg7 4. Bg2 O-O 5. O-O d6 6. a4 Nbd7 7. a5 a6 8.
Nc3 c6 9. e4 Qc7 10. h3 e5 11. dxe5 dxe5 12. Be3 Re8 13. Nd2 b5 14. axb6
Nxb6 15. Re1 Nfd7 16. Bf1 Nf8 17. Bxb6 Qxb6 18. Nc4 Qa7 19. Nd6 Rd8 20.
Nxc8 Raxc8 21. Qc1 a5 22. Bc4 Rd4 23. Qe3 Qc7 24. b3 Nd7 25. Na4 h5 26. c3
Rd6 27. Red1 Rd8 28. Rxd6 Qxd6 29. Qa7 h4 30. g4 Rf8 31. Qxa5 Nf6 32. Nc5
Nh7 33. Kg2 Ng5 34. Bd3 Qf6 35. Be2 Qf4 36. Rf1 Nxe4 1/2-1/2

[Event "IX EICC"]
[Site "Plovdiv BUL"]
[Date "2008.05.02"]
[Round "11"]
[White "Klokas,K"]
[Black "Fragakis,E"]
[Result "1-0"]
[WhiteElo "2160"]
[BlackElo "2133"]
[EventDate "2008.04.21"]

1. e4 c5 2. Nf3 d6 3. d4 cxd4 4. Nxd4 Nf6 5. Nc3 g6 6. Be3 Bg7 7. f3 O-O 8.
Qd2 Nc6 9. O-O-O d5 10. exd5 Nxd5 11. Nxc6 bxc6 12. Bd4 e5 13. Bc5 Be6 14.
Ne4 Re8 15. g4 h6 16. h4 Rb8 17. g5 h5 18. Bc4 a5 19. a4 Qc7 20. Bd6 Qb6
21. b3 Rbd8 22. Bc5 Qc7 23. Qf2 Rd7 24. Rd2 Rb8 25. Rhd1 Qd8 26. Ba3 Kh8
27. Nc5 Qe7 28. Bb2 Rdd8 29. Nxe6 Qxe6 30. Qe1 Ra8 31. Qe4 f5 32. gxf6 Qxf6
33. Bxd5 cxd5 34. Rxd5 Rxd5 35. Rxd5 Re8 36. Rxa5 Qb6 37. Bc3 Rc8 38. Ra8
Rxa8 39. Qxa8+ Kh7 40. Qe4 Qc5 41. Kb2 1-0

[Event "IX EICC"]
[Site "Plovdiv BUL"]
[Date "2008.05.02"]
[Round "11"]
[White "Kakkanas,E"]
[Black "Petrusic,T"]
[Result "1-0"]
[WhiteElo "2058"]
[BlackElo "1956"]
[EventDate "2008.04.21"]

1. d4 Nf6 2. Nf3 e6 3. g3 d5 4. Bg2 Be7 5. O-O Nbd7 6. c4 O-O 7. Qc2 c6 8.
Nbd2 Re8 9. e4 dxe4 10. Nxe4 Nxe4 11. Qxe4 Nf6 12. Qc2 Bd6 13. Re1 Qe7 14.
Bd2 c5 15. Bc3 cxd4 16. Nxd4 Bc5 17. Rad1 a6 18. a3 Qc7 19. Nf3 Be7 20. Be5
Qb6 21. Rd2 a5 22. Red1 a4 23. Ng5 g6 24. h4 Qb3 25. Qxb3 axb3 26. Rd3 h6
27. Ne4 Nxe4 28. Bxe4 Ra4 29. Rxb3 Rxc4 30. Bxb7 Bxb7 31. Rxb7 f6 32. Bc3
e5 33. Rdd7 Bf8 34. Ra7 Rc6 35. Kf1 f5 36. a4 g5 37. h5 f4 38. g4 e4 39. a5
f3 40. Rab7 Ra8 41. Ke1 Rxc3 42. bxc3 Rxa5 43. Rb8 Ra1+ 44. Rd1 Ra2 45.
Rdd8 Ra1+ 46. Kd2 Ra2+ 47. Ke3 Re2+ 48. Kd4 1-0

[Event "IX EICC"]
[Site "Plovdiv BUL"]
[Date "2008.05.02"]
[Round "11"]
[White "Aristotelous,V"]
[Black "Tzouganakis,P"]
[Result "0-1"]
[WhiteElo "1954"]
[BlackElo "1900"]
[EventDate "2008.04.21"]

1. e4 Nf6 2. e5 Nd5 3. d4 d6 4. c4 Nb6 5. exd6 cxd6 6. Nc3 g6 7. Be3 Bg7 8.
Rc1 O-O 9. b3 Nc6 10. Nf3 Bg4 11. Be2 d5 12. Nxd5 Nxd5 13. cxd5 Qxd5 14.
O-O Rad8 15. Rc5 Qd6 16. d5 Nb4 17. Rc4 Bxf3 18. Bxf3 Nxd5 19. Bxa7 Qe6 20.
Re1 Qf5 21. Be4 Qg5 22. Qf3 e6 23. Rd1 Nc3 24. Re1 Qd2 25. Rf1 b5 26. Rc6
f5 27. Bb1 Nxb1 28. Rxb1 Qxa2 29. Rbc1 Qxa7 30. Rc7 Qd4 31. h3 Be5 32. Rb7
Qf4 33. Qc6 Bd6 34. g3 Qe4 35. Qxb5 Bxg3 36. Qb6 Bxf2+ 37. Qxf2 Qxb7 38.
Qe3 Qd5 0-1

[Event "IX EICC"]
[Site "Plovdiv BUL"]
[Date "2008.05.02"]
[Round "11"]
[White "Ivanov L.,S"]
[Black "Ivanov,L"]
[Result "1-0"]
[WhiteElo "2129"]
[BlackElo "2020"]
[EventDate "2008.04.21"]

1. e4 c5 2. Nf3 d6 3. d4 cxd4 4. Nxd4 Nf6 5. Nc3 g6 6. h3 Bg7 7. Bc4 O-O 8.
Bb3 Nc6 9. Be3 Bd7 10. O-O a6 11. Re1 b5 12. Nxc6 Bxc6 13. Nd5 Rb8 14. Bg5
Bxd5 15. exd5 h6 16. Be3 Nd7 17. Bd4 Nc5 18. Bxg7 Kxg7 19. Qd4+ Kh7 20. c3
Rb7 21. Bc2 e5 22. dxe6 Nxe6 23. Bxg6+ fxg6 24. Rxe6 Rbf7 25. Qg4 Rf6 26.
Rae1 Qb6 27. Rxf6 1-0